<Der> Markt für Zucker.

Svetový trh cukru v r. 1992. Dovoz a vývoz. Trh cukru ES. Výroba a spotreba cukru v ES a SRN. Ceny na trhu cukru. Konkurencia a problém kvót na trhu ES.

Na minha lista:
Detalhes bibliográficos
Autor principal: Sommer, U.
Formato: Capítulo de Livro
Idioma:alemão
Assuntos:
Tags: Adicionar Tag
Sem tags, seja o primeiro a adicionar uma tag!

MARC

LEADER 00000naa a2200000 4500
001 r011782
005 20220826094510.8
041 0 |a ger 
044 |a DE 
245 1 0 |a <Der> Markt für Zucker.  |c U. Sommer 
520 |a Svetový trh cukru v r. 1992. Dovoz a vývoz. Trh cukru ES. Výroba a spotreba cukru v ES a SRN. Ceny na trhu cukru. Konkurencia a problém kvót na trhu ES. 
610 2 0 |a cukor 
610 2 0 |a trh svetový 
610 2 0 |a 1992 
610 2 0 |a výroba rastlinná 
610 2 0 |a spotreba 
610 2 0 |a ceny 
610 2 0 |a trh vnútorný 
610 2 0 |a Európske spoločenstvá 
610 2 0 |a kvóty 
610 2 0 |a Nemecko 
610 2 0 |a konkurencia 
610 2 0 |a údaje štatistické 
610 2 0 |a 1975-1993 
100 1 |a Sommer, U.